[Event "2 IECC, Ohrid"]
[Site "Ohrid MKD"]
[Date "2001.06.07"]
[Round "7.96"]
[White "Morrison, Chris"]
[Black "Mitkov, Marjan"]
[Result "0-1"]
[WhiteElo "2176"]
[BlackElo "2424"]
[EventDate "2001.06.01"]
[PlyCount "64"]

1.e4 e5 2.Nc3 Nf6 3.Nf3 Nc6 4.Bb5 Nd4 5.Nxd4 exd4 6.e5 dxc3 7.exf6 Qxf6 8.
dxc3 Bc5 9.O-O O-O 10.Bxd7 Bxd7 11.Qxd7 Rfe8 12.Be3 Bd6 13.Rad1 Qg6 14.Rd3
Qh5 15.h3 Re6 16.c4 Qe5 17.f4 Qxb2 18.Bd4 Qxc2 19.Rg3 Rg6 20.Rxg6 hxg6 21.
Qb5 Qe4 22.Be5 Bxe5 23.fxe5 Rd8 24.Rf2 a6 25.Qc5 Rd7 26.Kh2 b6 27.Qa3 
Qxe5+ 28.g3 Qe4 29.Qxa6 Rd1 30.Rg2 Qe1 31.Qa8+ Kh7 32.g4 Qe5+ 0-1

[Event "2 IECC, Ohrid"]
[Site "Ohrid MKD"]
[Date "2001.06.07"]
[Round "7.97"]
[White "Gicev, Blagoja"]
[Black "Organdziev, Oliver"]
[Result "1/2-1/2"]
[WhiteElo "2336"]
[BlackElo "2322"]
[EventDate "2001.06.01"]
[PlyCount "26"]

1.e4 e6 2.d4 d5 3.Nc3 Nf6 4.e5 Nfd7 5.f4 c5 6.Nf3 Nc6 7.Be3 a6 8.Qd2 cxd4 
9.Nxd4 Bc5 10.O-O-O O-O 11.h4 Nxd4 12.Bxd4 b5 13.h5 b4 1/2-1/2

[Event "2 IECC, Ohrid"]
[Site "Ohrid MKD"]
[Date "2001.06.07"]
[Round "7.99"]
[White "Colovic, Aleksandar"]
[Black "Vasovski, Nikola"]
[Result "1/2-1/2"]
[WhiteElo "2413"]
[BlackElo "2359"]
[EventDate "2001.06.01"]
[PlyCount "48"]

1.e4 c5 2.Nf3 Nc6 3.d4 cxd4 4.Nxd4 g6 5.Be3 Bg7 6.Nc3 Nf6 7.Bc4 O-O 8.Bb3 
d6 9.f3 Bd7 10.Qd2 Nxd4 11.Bxd4 b5 12.h4 a5 13.a4 bxa4 14.Nxa4 Be6 15.Bxe6
fxe6 16.O-O Rb8 17.Qe3 Nd7 18.Bxg7 Kxg7 19.b3 Qc7 20.Rf2 Rb5 21.Qc3+ Qxc3 
22.Nxc3 Rc5 23.Nd1 Rb8 24.Ne3 Rb4 1/2-1/2

[Event "2 IECC, Ohrid"]
[Site "Ohrid MKD"]
[Date "2001.06.07"]
[Round "7.101"]
[White "Kizov, Atanas"]
[Black "Grant, Jonathan"]
[Result "1/2-1/2"]
[WhiteElo "2368"]
[BlackElo "2218"]
[EventDate "2001.06.01"]
[PlyCount "76"]

1.d4 Nf6 2.c4 e6 3.Nf3 Bb4+ 4.Nbd2 Qe7 5.Qc2 c5 6.e4 cxd4 7.Nxd4 Nc6 8.
Nxc6 dxc6 9.Be2 e5 10.O-O Be6 11.a3 Bc5 12.b4 Bd4 13.Rb1 O-O-O 14.Nf3 Qd7 
15.Rd1 Nxe4 16.Nxd4 exd4 17.Bb2 Bf5 18.Rxd4 Nc3 19.Rxd7 Bxc2 20.Rxd8+ Rxd8
21.Bg4+ f5 22.Rc1 Na4 23.Bf3 Nxb2 24.Rxc2 Nd3 25.Kf1 Nf4 26.Be2 Rd4 27.g3 
Nxe2 28.Kxe2 Kc7 29.Ke3 Re4+ 30.Kd3 Re1 31.Kc3 Kd6 32.Rd2+ Ke6 33.Rd8 Ra1 
34.Kb3 Rf1 35.Rd2 Ke7 36.c5 Rb1+ 37.Kc4 Ra1 38.Kb3 Rb1+ 1/2-1/2

[Event "2 IECC, Ohrid"]
[Site "Ohrid MKD"]
[Date "2001.06.09"]
[Round "8.10"]
[White "Greenfeld, Alon"]
[Black "Tkachiev, Vladislav"]
[Result "1/2-1/2"]
[WhiteElo "2570"]
[BlackElo "2672"]
[EventDate "2001.06.01"]
[PlyCount "32"]

1.d4 Nf6 2.Nf3 e6 3.c4 b6 4.g3 Ba6 5.b3 Bb4+ 6.Bd2 Be7 7.Bg2 c6 8.O-O d5 
9.Qc2 Nbd7 10.Rd1 O-O 11.Bf4 Rc8 12.Nc3 Nh5 13.Bc1 Nhf6 14.Bf4 Nh5 15.Bc1 
Nhf6 16.Bf4 Nh5 1/2-1/2

[Event "2 IECC, Ohrid"]
[Site "Ohrid MKD"]
[Date "2001.06.09"]
[Round "8.14"]
[White "Kacheishvili, Giorgi"]
[Black "Dautov, Rustem"]
[Result "1/2-1/2"]
[WhiteElo "2570"]
[BlackElo "2631"]
[EventDate "2001.06.01"]
[PlyCount "140"]

1.d4 d5 2.c4 e6 3.Nf3 Nf6 4.Nc3 Be7 5.Bg5 O-O 6.Rc1 h6 7.Bh4 dxc4 8.e4 Nc6
9.e5 Nd5 10.Bxe7 Ncxe7 11.Bxc4 b6 12.Ne4 Bb7 13.O-O Nf5 14.a3 Nde3 15.fxe3
Bxe4 16.Qe2 c5 17.Nd2 Bb7 18.dxc5 Qg5 19.c6 Bxc6 20.Bxe6 Ne7 21.Ba2 Qxe5 
22.Nf3 Qh5 23.e4 Bb5 24.Bc4 Bxc4 25.Rxc4 Ng6 26.e5 Qf5 27.Re4 Nf4 28.Qc4 
g5 29.Rfe1 Rac8 30.Qf1 Rfd8 31.Nd4 Qg4 32.Kh1 Qd7 33.e6 fxe6 34.Nxe6 Nxe6 
35.Rxe6 Rf8 36.Qe2 Rc6 37.Re7 Qd5 38.h3 a5 39.Rd1 Qf5 40.Red7 Qe6 41.Qd3 
Qf5 42.Qd4 Qf6 43.Qe4 Qg6 44.Qd5+ Qe6 45.Qd2 Qc4 46.Rd8 Rf6 47.Rxf8+ Rxf8 
48.Qe1 Qc6 49.Qe2 Rf7 50.Qe5 Qf6 51.Qb5 Kg7 52.b4 axb4 53.Qxb4 Re7 54.a4 
Rf7 55.Qb5 Re7 56.Rf1 Qe6 57.Qb2+ Kh7 58.Rf6 Qe1+ 59.Kh2 Qe5+ 60.Qxe5 Rxe5
61.Rxb6 Re3 62.Rb4 Ra3 63.h4 gxh4 64.Rxh4 Kg6 65.Rb4 h5 66.Rb6+ Kg7 67.Ra6
h4 68.a5 Kh7 69.Ra8 Kg7 70.a6 Kh7 1/2-1/2

[Event "2 IECC, Ohrid"]
[Site "Ohrid MKD"]
[Date "2001.06.09"]
[Round "8.15"]
[White "Lastin, Alexander"]
[Black "Sokolov, Andrei"]
[Result "1-0"]
[WhiteElo "2627"]
[BlackElo "2568"]
[EventDate "2001.06.01"]
[PlyCount "73"]

1.e4 c5 2.Nf3 e6 3.d4 cxd4 4.Nxd4 Nf6 5.Nc3 d6 6.Be3 Nc6 7.Qd2 Be7 8.f3 
O-O 9.g4 Nxd4 10.Bxd4 d5 11.e5 Nd7 12.O-O-O f6 13.exf6 Bxf6 14.Qe1 Nb8 15.
Bc5 Rf7 16.Nxd5 exd5 17.Bc4 Bd7 18.Bxd5 Qc7 19.Bd6 Qb6 20.Bxf7+ Kxf7 21.
Be5 Qe6 22.Bxf6 Qxe1 23.Rhxe1 gxf6 24.Rd5 h6 25.Red1 Bc6 26.Rd8 Bxf3 27.
Re1 Bc6 28.Red1 Ke7 29.Rh8 Bd7 30.h3 a5 31.Rxh6 a4 32.Rh8 b5 33.a3 Ke6 34.
h4 Ke7 35.h5 Bxg4 36.h6 Bxd1 37.h7 1-0

[Event "2 IECC, Ohrid"]
[Site "Ohrid MKD"]
[Date "2001.06.09"]
[Round "8.17"]
[White "Istratescu, Andrei"]
[Black "Khenkin, Igor"]
[Result "1/2-1/2"]
[WhiteElo "2561"]
[BlackElo "2609"]
[EventDate "2001.06.01"]
[PlyCount "40"]

1.e4 c6 2.d4 d5 3.Nd2 dxe4 4.Nxe4 Bf5 5.Ng3 Bg6 6.h4 h6 7.Nf3 Nd7 8.h5 Bh7
9.Bd3 Bxd3 10.Qxd3 e6 11.Bd2 Ngf6 12.O-O-O Be7 13.Qe2 O-O 14.Ne5 c5 15.Be3
Qa5 16.Nxd7 Nxd7 17.Kb1 Nf6 18.c4 cxd4 19.Bxd4 Rac8 20.b3 Rfd8 1/2-1/2

[Event "2 IECC, Ohrid"]
[Site "Ohrid MKD"]
[Date "2001.06.09"]
[Round "8.22"]
[White "Delchev, Alexander"]
[Black "De Vreugt, Dennis"]
[Result "1-0"]
[WhiteElo "2584"]
[BlackElo "2460"]
[EventDate "2001.06.01"]
[PlyCount "115"]

1.c4 e5 2.g3 Nc6 3.Bg2 g6 4.Nc3 Bg7 5.e3 d6 6.Nge2 Be6 7.d4 exd4 8.Nxd4 
Bd7 9.O-O Nge7 10.Nde2 O-O 11.b3 Qc8 12.Bb2 Bh3 13.Bxh3 Qxh3 14.Nf4 Qd7 
15.Qe2 Ne5 16.Rad1 Rae8 17.Ba1 Qc6 18.Nfd5 Qd7 19.Nxe7+ Rxe7 20.c5 Re6 21.
Nd5 f5 22.Nf4 Ree8 23.cxd6 cxd6 24.Bxe5 Bxe5 25.Rd2 g5 26.Nd3 f4 27.Qh5 
Qg7 28.exf4 gxf4 29.Re1 Re6 30.Nxe5 Rxe5 31.Qd1 Qg6 32.Rxe5 dxe5 33.Rd6 
Qf5 34.g4 Qe4 35.f3 Qe3+ 36.Kg2 Rf7 37.Rd3 Qb6 38.Qe2 Re7 39.Qe4 Kg7 40.
Rd5 Qf6 41.Qd3 Qg6 42.Qc3 Qe6 43.Rc5 Qd6 44.Kf2 Kf6 45.Rc4 Rd7 46.Rxf4+ 
Ke6 47.Re4 Rc7 48.Qe3 Rc2+ 49.Kg3 Rxa2 50.Qh6+ Kd5 51.Qxh7 Kc6 52.Qf5 Ra5 
53.Qc8+ Kb6 54.Qc3 Rb5 55.Qe3+ Kc7 56.Qxa7 Rxb3 57.Qa5+ Kb8 58.Qxe5 1-0

[Event "2 IECC, Ohrid"]
[Site "Ohrid MKD"]
[Date "2001.06.09"]
[Round "8.25"]
[White "Georgiev, Kiril"]
[Black "Moiseenko, Olexandr"]
[Result "0-1"]
[WhiteElo "2676"]
[BlackElo "2561"]
[EventDate "2001.06.01"]
[PlyCount "80"]

1.c4 c5 2.b3 e5 3.Bb2 Nc6 4.g3 Nf6 5.Bg2 d5 6.cxd5 Nxd5 7.Nf3 f6 8.O-O Be7
9.d3 O-O 10.Nbd2 Be6 11.a3 Qd7 12.Re1 Rfd8 13.e3 Nc7 14.Bf1 Rac8 15.Qc2 
Bf8 16.Rac1 Qf7 17.Ba1 Kh8 18.Qb1 Rd7 19.Ne4 Na6 20.Rc3 Rcd8 21.Rec1 Qh5 
22.Nh4 f5 23.Nd2 Nc7 24.Bb2 Be7 25.Ng2 Nd5 26.R3c2 Nf6 27.f3 h6 28.Nc4 
Bxc4 29.bxc4 Nh7 30.Be2 Ng5 31.f4 Nf3+ 32.Kf2 e4 33.dxe4 fxe4 34.Bc3 Ncd4 
35.h4 Bf6 36.exd4 cxd4 37.Be1 d3 38.Ne3 Bd4 39.c5 Bxe3+ 40.Kxe3 dxe2 0-1

[Event "2 IECC, Ohrid"]
[Site "Ohrid MKD"]
[Date "2001.06.09"]
[Round "8.37"]
[White "Georgiev, Vladimir"]
[Black "Agrest, Evgenij"]
[Result "1-0"]
[WhiteElo "2592"]
[BlackElo "2532"]
[EventDate "2001.06.01"]
[PlyCount "67"]

1.c4 f5 2.Nc3 Nf6 3.Nf3 g6 4.g3 Bg7 5.Bg2 O-O 6.O-O d6 7.d4 c6 8.Re1 Ne4 
9.Qc2 Nxc3 10.bxc3 e5 11.dxe5 dxe5 12.Ba3 Re8 13.e4 Na6 14.Rad1 Qa5 15.Bd6
Nc5 16.Nd2 Qa4 17.Qb1 Nxe4 18.Nxe4 fxe4 19.c5 Qa6 20.Bxe4 Be6 21.h4 Kh8 
22.Rd2 Rad8 23.h5 gxh5 24.Bxh7 e4 25.Bg6 Bxc3 26.Bxe8 Rxe8 27.Rxe4 Bxd2 
28.Qb2+ Kh7 29.Qxd2 Bf7 30.Rxe8 Bxe8 31.Bf8 Kg6 32.Qd6+ Kf5 33.Qf4+ Kg6 
34.Qe4+ 1-0

[Event "2 IECC, Ohrid"]
[Site "Ohrid MKD"]
[Date "2001.06.09"]
[Round "8.38"]
[White "Sulskis, Sarunas"]
[Black "Markowski, Tomasz"]
[Result "1-0"]
[WhiteElo "2530"]
[BlackElo "2592"]
[EventDate "2001.06.01"]
[PlyCount "153"]

1.e4 c5 2.Nf3 g6 3.d4 Bg7 4.d5 Nf6 5.Nc3 d6 6.Bb5+ Nbd7 7.a4 O-O 8.O-O a6 
9.Be2 Rb8 10.Nd2 b6 11.Re1 Bb7 12.Bf1 Ne8 13.Nf3 Nc7 14.Bf4 Ba8 15.Qd2 b5 
16.axb5 axb5 17.Bh6 Nf6 18.Bxg7 Kxg7 19.b4 cxb4 20.Na2 e6 21.Nxb4 exd5 22.
exd5 Bxd5 23.Nd4 Ra8 24.Bxb5 Rxa1 25.Rxa1 Bb7 26.Bc6 Bxc6 27.Ndxc6 Ne4 28.
Qd4+ Qf6 29.Rd1 Re8 30.f3 Nb5 31.Qxf6+ Nxf6 32.Kf1 Re6 33.Rd3 Ne8 34.c4 
Nbc7 35.Kf2 h5 36.h4 Kf8 37.Ra3 Rf6 38.g3 Kg7 39.Ra7 Rf5 40.Nd3 Rf6 41.Nd4
d5 42.c5 Ra6 43.Rb7 Ra2+ 44.Ke3 Rg2 45.Nf4 Ra2 46.c6 Ra3+ 47.Kd2 Kf6 48.
Nd3 Ra4 49.Nb5 Nxb5 50.Rxb5 Rc4 51.Nb4 Nc7 52.Rb7 Ke6 53.Kd3 Ne8 54.Nc2 
Nd6 55.Nd4+ Kf6 56.Rd7 Ne8 57.Rxd5 Rc1 58.Rd7 Rc5 59.g4 g5 60.hxg5+ Rxg5 
61.Rd8 Ke7 62.Rd7+ Kf6 63.gxh5 Rxh5 64.Kc4 Rh1 65.Kc5 Rc1+ 66.Kb6 Rb1+ 67.
Ka6 Rb4 68.Nb5 Rb3 69.Rd8 Ke7 70.Rd2 Kf6 71.Nd6 Nxd6 72.Rxd6+ Ke5 73.Rd7 
Rxf3 74.c7 Ra3+ 75.Kb5 Rc3 76.Rxf7 Kd6 77.Kb6 1-0

[Event "2 IECC, Ohrid"]
[Site "Ohrid MKD"]
[Date "2001.06.09"]
[Round "8.45"]
[White "Gyimesi, Zoltan"]
[Black "Czebe, Attila"]
[Result "1-0"]
[WhiteElo "2571"]
[BlackElo "2502"]
[EventDate "2001.06.01"]
[PlyCount "68"]

1.d4 Nf6 2.c4 e6 3.Nf3 b6 4.g3 Ba6 5.b3 Bb4+ 6.Bd2 Be7 7.Bg2 c6 8.Bc3 d5 
9.Nbd2 Nbd7 10.O-O O-O 11.Re1 c5 12.e4 dxe4 13.Nxe4 Nxe4 14.Rxe4 Bb7 15.
Re3 cxd4 16.Nxd4 Bxg2 17.Kxg2 Bf6 18.Qf3 Bxd4 19.Bxd4 Qc7 20.Rd1 Rad8 21.
Red3 f6 22.Qe4 Rfe8 23.R3d2 Nf8 24.Be3 Rxd2 25.Rxd2 Rd8 26.Rxd8 Qxd8 27.c5
Qc7 28.c6 Kf7 29.Bf4 Qc8 30.Bd6 b5 31.Qc2 Nd7 32.a4 bxa4 33.bxa4 Nb6 34.
Qc5 Qa6 1-0

[Event "2 IECC, Ohrid"]
[Site "Ohrid MKD"]
[Date "2001.06.09"]
[Round "8.46"]
[White "Nijboer, Friso"]
[Black "Volokytin, Andriy"]
[Result "0-1"]
[WhiteElo "2580"]
[BlackElo "2493"]
[EventDate "2001.06.01"]
[PlyCount "105"]

1.e4 c5 2.Nf3 e6 3.d3 Nc6 4.g3 g6 5.Bg2 Bg7 6.O-O Nge7 7.c3 e5 8.a3 a5 9.
a4 O-O 10.Na3 d6 11.Nb5 h6 12.Nd2 Be6 13.Nc4 d5 14.exd5 Bxd5 15.Bxd5 Nxd5 
16.Qb3 Qd7 17.Ncd6 Nce7 18.Bd2 Ra6 19.Ne4 Rc6 20.Na7 Rb6 21.Qc4 Rxb2 22.
Bc1 Re2 23.Nxc5 Qh3 24.Nb5 Nf6 25.Qh4 Qxh4 26.gxh4 b6 27.Nb3 Nf5 28.Ba3 
Rd8 29.Rad1 Nxh4 30.Nc1 Rc2 31.f3 Rg2+ 32.Kh1 Rd7 33.c4 Nh5 34.c5 bxc5 35.
Bxc5 Nf4 36.Be3 Rc2 37.Na3 Rc3 38.Nb5 Rc8 39.Bxf4 exf4 40.d4 Nf5 41.Nb3 
Rc4 42.Rc1 Rb4 43.Nxa5 Rxa4 44.Nc6 Ra2 45.Ra1 Re2 46.Ra4 Rc2 47.d5 Ne3 48.
Nbd4 Rc5 49.Ne6 fxe6 50.dxe6 Rd6 51.Ra8+ Kh7 52.e7 Re6 53.Rc8 0-1

[Event "2 IECC, Ohrid"]
[Site "Ohrid MKD"]
[Date "2001.06.09"]
[Round "8.48"]
[White "Chatalbashev, Boris"]
[Black "Epishin, Vladimir"]
[Result "1/2-1/2"]
[WhiteElo "2518"]
[BlackElo "2579"]
[EventDate "2001.06.01"]
[PlyCount "76"]

1.d4 Nf6 2.Nf3 g6 3.Nc3 d5 4.Bf4 c6 5.e3 Bg4 6.Be2 Nbd7 7.Ne5 Bxe2 8.Qxe2 
Bg7 9.O-O-O e6 10.g4 Rc8 11.h4 h5 12.f3 Nxe5 13.Bxe5 Kf8 14.e4 hxg4 15.
fxg4 Nxe4 16.Nxe4 dxe4 17.Qxe4 Qd5 18.Qf4 Qxa2 19.Rdf1 Qa1+ 20.Kd2 Qa5+ 
21.c3 f5 22.Bxg7+ Kxg7 23.h5 Qd5 24.Qg5 Rh6 25.gxf5 exf5 26.Re1 Rc7 27.
Rhg1 Qd6 28.Re5 Rf7 29.Kc1 Qf6 30.Qe3 Rxh5 31.Re6 f4 32.Rxf6 fxe3 33.
Rfxg6+ Kf8 34.Rg8+ Ke7 35.R8g3 Kd7 36.Rxe3 Rh2 37.c4 Kc7 38.Rd3 Rd7 
1/2-1/2

[Event "2 IECC, Ohrid"]
[Site "Ohrid MKD"]
[Date "2001.06.09"]
[Round "8.52"]
[White "Conquest, Stuart"]
[Black "Ekstrom, Roland"]
[Result "1-0"]
[WhiteElo "2563"]
[BlackElo "2492"]
[EventDate "2001.06.01"]
[PlyCount "103"]

1.e4 d5 2.exd5 Nf6 3.Nf3 Nxd5 4.d4 Bg4 5.h3 Bh5 6.Bg5 c6 7.c4 Nf6 8.Bxf6 
gxf6 9.Be2 e6 10.Nc3 Bg7 11.O-O O-O 12.Qd2 f5 13.Rfd1 Nd7 14.d5 cxd5 15.
cxd5 e5 16.d6 Kh8 17.Nd5 Bg6 18.Rac1 e4 19.Nd4 Nb6 20.Nb5 Nxd5 21.Qxd5 f4 
22.Nc7 Rb8 23.Bh5 e3 24.Bxg6 exf2+ 25.Kh1 hxg6 26.Rc2 Qh4 27.Rf1 f3 28.
Rcxf2 fxg2+ 29.Kxg2 Rbd8 30.d7 Qa4 31.Rd2 Kg8 32.Rf3 a6 33.Rg3 Qf4 34.Ne8 
Be5 35.Rdd3 Qf5 36.Rdf3 Qc2+ 37.Rf2 Qc6 38.Qxc6 bxc6 39.Rd3 f6 40.Rc2 Kf7 
41.Nd6+ Ke7 42.Nc8+ Rxc8 43.dxc8=Q Rxc8 44.Ra3 Rb8 45.Rxa6 Bxb2 46.Rcxc6 
Be5 47.Ra7+ Kf8 48.a4 g5 49.a5 f5 50.Rc5 Re8 51.a6 Kg8 52.Rd7 1-0

[Event "2 IECC, Ohrid"]
[Site "Ohrid MKD"]
[Date "2001.??.09"]
[Round "8.54"]
[White "Narciso Dublan, Marc"]
[Black "Ermenkov, Evgeny"]
[Result "0-1"]
[WhiteElo "2544"]
[BlackElo "2478"]
[EventDate "2001.06.01"]
[PlyCount "50"]

1.d4 Nf6 2.c4 g6 3.Nc3 Bg7 4.e4 d6 5.Be2 O-O 6.Nf3 c5 7.O-O Nc6 8.d5 Na5 
9.Bf4 Nh5 10.Bg5 h6 11.Bd2 e5 12.dxe6 Bxe6 13.Qc1 Kh7 14.Nd5 Nc6 15.Rd1 
Nf6 16.Nc3 Bg4 17.Be3 Bxf3 18.Bxf3 Qe7 19.Qd2 Rfd8 20.Re1 Nd7 21.Be2 Nd4 
22.Bf1 Ne5 23.Nd5 Nef3+ 24.gxf3 Nxf3+ 25.Kg2 Qxe4 0-1

[Event "2 IECC, Ohrid"]
[Site "Ohrid MKD"]
[Date "2001.06.09"]
[Round "8.55"]
[White "Zelcic, Robert"]
[Black "Jobava, Baadur"]
[Result "1-0"]
[WhiteElo "2503"]
[BlackElo "2543"]
[EventDate "2001.06.01"]
[PlyCount "71"]

1.e4 c5 2.Nf3 d6 3.c3 Nf6 4.Bc4 e6 5.Qe2 Be7 6.d4 O-O 7.e5 Nfd7 8.exd6 
Bxd6 9.O-O Qc7 10.Na3 a6 11.Bd3 g6 12.Nc4 Be7 13.Bh6 Re8 14.Ng5 Bxg5 15.
Bxg5 b5 16.Ne5 f6 17.Be4 Bb7 18.Qf3 Nxe5 19.dxe5 fxg5 20.Bxb7 g4 21.Qe4 
Ra7 22.Ba8 Rc8 23.Qxg4 Rxa8 24.Qxe6+ Kh8 25.Rad1 Rf8 26.Rd6 Ra7 27.Qd5 Qe7
28.Rd1 Rc7 29.e6 Qf6 30.f3 b4 31.Re1 Re8 32.e7 Qh4 33.Re4 Qh6 34.Rd8 Qc1+ 
35.Kf2 Qxb2+ 36.Kg3 1-0

[Event "2 IECC, Ohrid"]
[Site "Ohrid MKD"]
[Date "2001.06.09"]
[Round "8.57"]
[White "Duric, Stefan"]
[Black "Timoscenko, Gennadij"]
[Result "1-0"]
[WhiteElo "2483"]
[BlackElo "2531"]
[EventDate "2001.06.01"]
[PlyCount "93"]

1.e4 e5 2.Nf3 Nc6 3.Bb5 Nf6 4.Qe2 Bc5 5.c3 O-O 6.d3 d6 7.Bg5 Bb6 8.Nfd2 
Ne7 9.Nc4 Ne8 10.Nxb6 axb6 11.Bc4 c6 12.O-O Nc7 13.Nd2 Be6 14.Be3 b5 15.
Bxe6 Nxe6 16.d4 exd4 17.cxd4 d5 18.e5 f5 19.f4 Ra4 20.b3 Ra3 21.Nf3 Qa8 
22.h3 Qa7 23.Qc2 b6 24.Kh2 c5 25.dxc5 bxc5 26.Ng5 Nd4 27.Bxd4 cxd4 28.Ne6 
Ra8 29.Qd3 Qd7 30.Nxd4 Rxa2 31.Rxa2 Rxa2 32.Nxb5 Ng6 33.Nd6 Ne7 34.Rc1 h6 
35.b4 Kh7 36.b5 Ng6 37.Qe3 Rb2 38.Ra1 Rb4 39.Qc3 Rxf4 40.b6 Rf2 41.b7 Qd8 
42.Qg3 Rb2 43.Ra8 Qc7 44.Rc8 Qe7 45.b8=Q Rxb8 46.Rxb8 f4 47.Qd3 1-0

[Event "2 IECC, Ohrid"]
[Site "Ohrid MKD"]
[Date "2001.06.09"]
[Round "8.58"]
[White "Halkias, Stelios"]
[Black "Blehm, Pawel"]
[Result "1-0"]
[WhiteElo "2494"]
[BlackElo "2530"]
[EventDate "2001.06.01"]
[PlyCount "65"]

1.d4 Nf6 2.c4 g6 3.Nc3 Bg7 4.e4 O-O 5.Nf3 c6 6.Bd3 d6 7.h3 Na6 8.Be3 e5 9.
O-O exd4 10.Nxd4 Nc5 11.Re1 Re8 12.f3 Nh5 13.Bf1 Be5 14.Qd2 Ng3 15.Bf2 
Nxf1 16.Rxf1 a5 17.Rad1 Qb6 18.f4 Bg7 19.e5 dxe5 20.fxe5 a4 21.Nf3 Qb4 22.
Bh4 Be6 23.Bf6 Bxc4 24.Bxg7 Kxg7 25.Qf4 Ne6 26.Qf6+ Kg8 27.Rd7 Qf8 28.Ne4 
Nc5 29.Nxc5 Qxc5+ 30.Kh1 Rf8 31.Ng5 Qb5 32.e6 h6 33.Nxf7 1-0

[Event "2 IECC, Ohrid"]
[Site "Ohrid MKD"]
[Date "2001.06.09"]
[Round "8.59"]
[White "Yegiazarian, Arsen"]
[Black "Bogdanovski, Vlatko"]
[Result "1-0"]
[WhiteElo "2529"]
[BlackElo "2463"]
[EventDate "2001.06.01"]
[PlyCount "57"]

1.e4 d6 2.d4 Nf6 3.Nc3 g6 4.f4 Bg7 5.Nf3 O-O 6.Bd3 Na6 7.O-O c5 8.d5 Bg4 
9.Bc4 Nc7 10.h3 Bxf3 11.Qxf3 a6 12.a4 Nd7 13.Qd3 Rb8 14.Be3 Nb6 15.b3 Qd7 
16.a5 Nxc4 17.bxc4 b5 18.axb6 Rxb6 19.e5 Rc8 20.Rae1 dxe5 21.Bxc5 Rb7 22.
Ba3 Qf5 23.Qxf5 gxf5 24.fxe5 Nb5 25.cxb5 Rxc3 26.bxa6 Ra7 27.Rf3 Rxc2 28.
d6 Bf8 29.Rb1 1-0

[Event "2 IECC, Ohrid"]
[Site "Ohrid MKD"]
[Date "2001.06.09"]
[Round "8.60"]
[White "Basagic, Zlatko"]
[Black "Gdanski, Jacek"]
[Result "0-1"]
[WhiteElo "2345"]
[BlackElo "2528"]
[EventDate "2001.06.01"]
[PlyCount "72"]

1.e4 g6 2.d4 Bg7 3.c3 d5 4.exd5 Qxd5 5.Nf3 Nf6 6.Nbd2 c5 7.Bc4 Qd6 8.Nb3 
cxd4 9.Qxd4 Qxd4 10.Nbxd4 a6 11.O-O Nbd7 12.a4 b6 13.Re1 Bb7 14.Bf4 Rc8 
15.Bf1 Nc5 16.Nd2 Nd5 17.Bd6 Bxd4 18.cxd4 Ne6 19.Be5 O-O 20.Bc4 f6 21.Bg3 
Kf7 22.Re4 Rfe8 23.Rae1 Ng7 24.b3 Kf8 25.Nf1 g5 26.h4 h6 27.hxg5 hxg5 28.
Rg4 Red8 29.f4 Nxf4 30.Bxf4 Rxd4 31.Re3 Rxf4 32.Rxf4 gxf4 33.Rh3 Nf5 34.
Be6 Rc5 35.Rh8+ Kg7 36.Rg8+ Kh6 0-1

[Event "2 IECC, Ohrid"]
[Site "Ohrid MKD"]
[Date "2001.06.09"]
[Round "8.62"]
[White "Mrva, Martin"]
[Black "Tischbierek, Raj"]
[Result "1/2-1/2"]
[WhiteElo "2479"]
[BlackElo "2527"]
[EventDate "2001.06.01"]
[PlyCount "119"]

1.e4 d6 2.d4 Nf6 3.f3 c5 4.d5 g6 5.Bb5+ Nbd7 6.a4 Bg7 7.Nh3 O-O 8.Nf2 Qc7 
9.Be2 e6 10.c4 exd5 11.exd5 h5 12.Nc3 Nh7 13.Nb5 Qb8 14.Ne4 Ne5 15.Nexd6 
a6 16.Nxc8 axb5 17.Nb6 Ra6 18.a5 bxc4 19.O-O Rd8 20.Bf4 g5 21.Be3 Qc7 22.
f4 Ng6 23.fxg5 Bxb2 24.Bxc4 Qe5 25.Bxc5 Bxa1 26.Bxa6 bxa6 27.Qxa1 Qe4 28.
Qd4 Qe2 29.Qe3 Qg4 30.Qf3 Qxf3 31.Rxf3 Nxg5 32.Re3 Kg7 33.Bd4+ f6 34.Rc3 
Nf4 35.Kf1 Nxd5 36.Rc6 Ne4 37.Re6 Ndc3 38.Bxc3 Nxc3 39.Nc4 Rd4 40.Ne3 Re4 
41.Rxe4 Nxe4 42.Ke2 Nc5 43.Kf3 Kf7 44.Kg3 Kg6 45.Kf4 Ne6+ 46.Ke4 Nc5+ 47.
Kf4 Ne6+ 48.Kg3 Nc5 49.Nd5 Kg5 50.Ne7 h4+ 51.Kf3 f5 52.Nc6 h3 53.g3 Nb3 
54.Nb4 Nxa5 55.Nxa6 Nc6 56.Nc5 Ne5+ 57.Kf2 Kg4 58.Kg1 Nf3+ 59.Kh1 f4 60.
gxf4 1/2-1/2

[Event "2 IECC, Ohrid"]
[Site "Ohrid MKD"]
[Date "2001.06.09"]
[Round "8.63"]
[White "Rechlis, Gad"]
[Black "Podgaets, Mikhail"]
[Result "1/2-1/2"]
[WhiteElo "2525"]
[BlackElo "2477"]
[EventDate "2001.06.01"]
[PlyCount "117"]

1.e4 c6 2.Nc3 d5 3.Nf3 Bg4 4.h3 Bxf3 5.Qxf3 e6 6.d3 Nd7 7.g3 Ngf6 8.Bg2 
Be7 9.O-O O-O 10.Qe2 dxe4 11.dxe4 e5 12.Nd1 Nc5 13.Ne3 g6 14.Nc4 Qc7 15.a4
Ne6 16.c3 a5 17.Kh2 Rfe8 18.Re1 h5 19.h4 Bf8 20.Kg1 Nc5 21.Qc2 Rad8 22.Bg5
Be7 23.Bh3 Kg7 24.Be3 Bf8 25.b4 axb4 26.cxb4 Nd3 27.Bb6 Nxe1 28.Rxe1 Qe7 
29.Bxd8 Rxd8 30.Rb1 Rd4 31.Bg2 Qe6 32.Na5 b6 33.Nb3 Rxb4 34.Nd2 Rxb1+ 35.
Qxb1 Bc5 36.Nb3 Qd6 37.Qc2 Bb4 38.Bf1 Ng4 39.Be2 Nf6 40.Kg2 Qe6 41.Bc4 Qd7
42.Be2 Qe6 43.Bc4 Qd6 44.Ba6 Be1 45.f3 Qa3 46.Nc1 c5 47.Bc4 Bc3 48.Nd3 Bd4
49.Ba2 Ne8 50.Qb3 Qxb3 51.Bxb3 Nd6 52.Bd5 f5 53.Ne1 Kf6 54.Nc2 f4 55.g4 
Bc3 56.gxh5 gxh5 57.Na3 Be1 58.Kh3 Ke7 59.Nc4 1/2-1/2

[Event "2 IECC, Ohrid"]
[Site "Ohrid MKD"]
[Date "2001.06.09"]
[Round "8.69"]
[White "Degraeve, Jean-Marc"]
[Black "Kuczynski, Robert"]
[Result "1/2-1/2"]
[WhiteElo "2589"]
[BlackElo "2509"]
[EventDate "2001.06.01"]
[PlyCount "67"]

1.e4 c5 2.Nf3 d6 3.d4 cxd4 4.Nxd4 Nf6 5.Nc3 a6 6.Be3 e5 7.Nb3 Be7 8.f3 Be6
9.Qd2 O-O 10.O-O-O Nbd7 11.g4 Qc7 12.Kb1 b5 13.g5 Nh5 14.Ne2 a5 15.Ng3 a4 
16.Nc1 Nf4 17.h4 b4 18.Nf5 Bxf5 19.exf5 Rfb8 20.Rh2 Ra5 21.Bxf4 exf4 22.f6
Bf8 23.fxg7 Bxg7 24.Qxd6 Qxd6 25.Rxd6 Ne5 26.Be2 a3 27.b3 Rc5 28.Nd3 Nxd3 
29.Bxd3 Re8 30.Rh1 Bc3 31.Be4 Kg7 32.Rhd1 Rce5 33.R6d5 h6 34.Rxe5 1/2-1/2

[Event "2 IECC, Ohrid"]
[Site "Ohrid MKD"]
[Date "2001.06.09"]
[Round "8.70"]
[White "Nataf, Igor-Alexandre"]
[Black "Fedorchuk, Serhii"]
[Result "1-0"]
[WhiteElo "2552"]
[BlackElo "2528"]
[EventDate "2001.06.01"]
[PlyCount "83"]

1.e4 e5 2.Nf3 Nc6 3.d4 exd4 4.Nxd4 Bc5 5.Nxc6 Qf6 6.Qd2 dxc6 7.Nc3 Ne7 8.
Qf4 Qe6 9.Qxc7 O-O 10.Qg3 Ng6 11.f4 f5 12.e5 b5 13.Bd3 Bb7 14.Be3 Bb6 15.
O-O Qe7 16.a4 Nh4 17.Rf2 Qb4 18.Rb1 Bxe3 19.Qxe3 bxa4 20.Ra1 c5 21.Rxa4 
Qb6 22.b3 Kh8 23.Rc4 Rac8 24.Na4 Qg6 25.Qg3 Qh5 26.Be2 Qh6 27.Qg5 Qxg5 28.
fxg5 Ng6 29.Rxc5 Rce8 30.Bd3 f4 31.Bxg6 hxg6 32.Nb2 Rf5 33.Nd3 f3 34.gxf3 
Rxg5+ 35.Kf1 Re7 36.e6 Rh5 37.Rxh5+ gxh5 38.Nc5 Bd5 39.Ke1 Rc7 40.b4 g6 
41.Rd2 Bxf3 42.Rd8+ 1-0

[Event "2 IECC, Ohrid"]
[Site "Ohrid MKD"]
[Date "2001.06.09"]
[Round "8.72"]
[White "Dervishi, Erald"]
[Black "Slobodjan, Roman"]
[Result "1/2-1/2"]
[WhiteElo "2491"]
[BlackElo "2529"]
[EventDate "2001.06.01"]
[PlyCount "64"]

1.e4 e5 2.Nf3 Nc6 3.Bb5 a6 4.Ba4 Nf6 5.O-O Bc5 6.c3 b5 7.Bb3 d6 8.d4 Bb6 
9.h3 Bb7 10.Re1 O-O 11.Be3 Re8 12.Nbd2 h6 13.Qb1 Nb8 14.Bc2 Nbd7 15.a4 Nh5
16.Bd3 c6 17.b4 Qf6 18.Bf1 Nf4 19.Qb3 Ne6 20.axb5 axb5 21.Rxa8 Rxa8 22.
dxe5 dxe5 23.c4 Bxe3 24.Qxe3 bxc4 25.Nxc4 c5 26.Rd1 Rd8 27.bxc5 Ndxc5 28.
Rxd8+ Qxd8 29.Ncxe5 Bxe4 30.Bc4 Qd1+ 31.Kh2 Bd5 32.Qd2 Qxd2 1/2-1/2

[Event "2 IECC, Ohrid"]
[Site "Ohrid MKD"]
[Date "2001.06.09"]
[Round "8.75"]
[White "Rogic, Davor"]
[Black "Burmakin, Vladimir"]
[Result "1/2-1/2"]
[WhiteElo "2457"]
[BlackElo "2522"]
[EventDate "2001.06.01"]
[PlyCount "110"]

1.e4 c6 2.d4 d5 3.Nd2 dxe4 4.Nxe4 Bf5 5.Ng3 Bg6 6.h4 h6 7.Nf3 Nd7 8.h5 Bh7
9.Bd3 Bxd3 10.Qxd3 e6 11.Bf4 Qa5+ 12.Bd2 Qc7 13.O-O-O O-O-O 14.Ne4 Ngf6 
15.g3 Nxe4 16.Qxe4 Bd6 17.Qe2 Rhe8 18.Kb1 e5 19.dxe5 Nxe5 20.Nd4 Qb6 21.
Be3 Qb4 22.Rhe1 Qc4 23.Nf5 Bb4 24.Rxd8+ Rxd8 25.c3 Qe4+ 26.Qc2 Nd3 27.Nxh6
Bxc3 28.bxc3 gxh6 29.Rd1 Qc4 30.Bd4 Nc5 31.Bxc5 Qxc5 32.Rxd8+ Kxd8 33.Qd2+
Ke7 34.g4 Qb5+ 35.Kc1 Qc4 36.Qe3+ Kd7 37.Qd2+ Ke7 38.Qe3+ Kd7 39.g5 hxg5 
40.h6 Qf1+ 41.Kd2 Qh1 42.Qxg5 Ke6 43.Qg4+ Ke7 44.Qg5+ Ke6 45.Qg4+ Ke7 46.
Qg7 Qd5+ 47.Kc1 Qe4 48.Qg5+ Ke6 49.Kb2 Qe2+ 50.Kb3 Qd1+ 51.Ka3 Qd3 52.Qg4+
Kf6 53.Qg7+ Ke6 54.h7 Qa6+ 55.Kb2 Qe2+ 1/2-1/2

[Event "2 IECC, Ohrid"]
[Site "Ohrid MKD"]
[Date "2001.06.09"]
[Round "8.76"]
[White "Cyborowski, Lukasz"]
[Black "Miladinovic, Igor"]
[Result "1-0"]
[WhiteElo "2450"]
[BlackElo "2519"]
[EventDate "2001.06.01"]
[PlyCount "77"]

1.d4 Nf6 2.Nf3 d5 3.Bf4 Bf5 4.e3 e6 5.Nbd2 Bd6 6.Bg3 c5 7.dxc5 Bxc5 8.Bxb8
Rxb8 9.Bb5+ Ke7 10.Bd3 Bg6 11.Qe2 Qb6 12.Rb1 Rhd8 13.O-O Rbc8 14.Rfc1 a5 
15.a3 a4 16.Bxg6 hxg6 17.c4 Qa6 18.Kf1 d4 19.exd4 Bxd4 20.b4 axb3 21.Rxb3 
Bc5 22.Rcb1 Rc7 23.Ne5 b6 24.Ndf3 Qc8 25.Ng5 Kf8 26.Rh3 Kg8 27.Rd1 Nh5 28.
Rhd3 Rf8 29.Qg4 Be7 30.Ngxf7 Rxf7 31.Nxg6 Nf6 32.Rh3 Nh7 33.Rxh7 Rxf2+ 34.
Kxf2 Kxh7 35.Rd3 Bh4+ 36.Nxh4 Rxc4 37.Qh5+ Kg8 38.Nf3 Rf4 39.Qe5 1-0